Corporate political agency: (Record no. 14123)

MARC details
000 -LEADER
fixed length control field 00485nam a22001577a 4500
003 - CONTROL NUMBER IDENTIFIER
control field URS
005 - DATE AND TIME OF LATEST TRANSACTION
control field 20220114171543.0
008 - FIXED-LENGTH DATA ELEMENTS--GENERAL INFORMATION
fixed length control field 170323b xxu||||| |||| 00| 0 eng d
020 ## - INTERNATIONAL STANDARD BOOK NUMBER
International Standard Book Number 0803943490
050 ## - LIBRARY OF CONGRESS CALL NUMBER
Classification number JK467
Item number C67
100 ## - MAIN ENTRY--PERSONAL NAME
Personal name Mitnick, Barry M.
Relator code Editor
245 ## - TITLE STATEMENT
Title Corporate political agency:
Remainder of title the construction of competition in public affairs
Statement of responsibility, etc. Barry M. Mitnick, Editor
260 ## - PUBLICATION, DISTRIBUTION, ETC.
Place of publication, distribution, etc. Newburry Park, London
Name of publisher, distributor, etc. Sage
Date of publication, distribution, etc. 1993
300 ## - PHYSICAL DESCRIPTION
Extent vii, 327 pages;
Dimensions 22 cm.
942 ## - ADDED ENTRY ELEMENTS (KOHA)
Koha item type Foreign Books
Source of classification or shelving scheme Library of Congress Classification
Holdings
Withdrawn status Source of classification or shelving scheme Damaged status Not for loan Collection code Home library Current library Shelving location Date acquired Total Checkouts Full call number Barcode Date last seen Price effective from Koha item type
  Library of Congress Classification     Non-fiction Binangonan College Library Binangonan College Library Foreign Section 06/07/2023   JK467 C67 URSBIN-0200 03/02/2016 09/11/2019 Foreign Books

University of Rizal System
Email us at univlibservices@urs.edu.ph

Visit our Website www.urs.edu.ph/library